Sports Quiz

Random Sports or Football Quiz

NFL: Top 300 Single-Season Yards from Scrimmage Quiz Stats

 Plays Quiz not verified by Sporcle

Support Sporcle.
Go Orange.
Score 0/300 Timer 20:00
0 Plays Today
Year - Team Player % Correct
2009 - TENChris Johnson
98.4%
1997 - DETBarry Sanders
98.4%
2006 - KANLarry Johnson
98.4%
1994 - DETBarry Sanders
98.4%
2016 - ARIDavid Johnson
98.4%
2005 - KANLarry Johnson
98.4%
2012 - DETCalvin Johnson
98.4%
1995 - DETBarry Sanders
98.4%
1991 - DETBarry Sanders
98.4%
1990 - DETBarry Sanders
98.4%
1998 - DETBarry Sanders
98.4%
1989 - DETBarry Sanders
98.4%
1996 - DETBarry Sanders
98.4%
2011 - DETCalvin Johnson
98.4%
2010 - TENChris Johnson
98.4%
2012 - HOUAndre Johnson
98.4%
2015 - ATLJulio Jones
98%
2018 - ATLJulio Jones
98%
1972 - NYGRon Johnson
98%
2014 - ATLJulio Jones
98%
2003 - SDGLaDainian Tomlinson
97.6%
2006 - STLSteven Jackson
97.6%
2006 - SDGLaDainian Tomlinson
97.6%
2002 - SDGLaDainian Tomlinson
97.6%
1963 - CLEJim Brown
97.6%
2007 - SDGLaDainian Tomlinson
97.6%
1965 - CLEJim Brown
97.6%
1961 - CLEJim Brown
97.6%
2015 - PITAntonio Brown
97.6%
2005 - SDGLaDainian Tomlinson
97.6%
1964 - CLEJim Brown
97.6%
2004 - SDGLaDainian Tomlinson
97.6%
2009 - STLSteven Jackson
97.6%
2014 - PITAntonio Brown
97.6%
1972 - WASLarry Brown
97.6%
1958 - CLEJim Brown
97.6%
2010 - STLSteven Jackson
97.6%
2001 - SDGLaDainian Tomlinson
97.6%
1999 - STLMarshall Faulk
97.2%
1998 - INDMarshall Faulk
97.2%
2000 - STLMarshall Faulk
97.2%
2001 - STLMarshall Faulk
97.2%
1994 - INDMarshall Faulk
97.2%
1981 - MINTed Brown
97.2%
2012 - MINAdrian Peterson
96.8%
2008 - MINAdrian Peterson
96.8%
2009 - MINAdrian Peterson
96.8%
2015 - MINAdrian Peterson
96.8%
2010 - MINAdrian Peterson
96.8%
2007 - MINAdrian Peterson
96.8%
1998 - DENTerrell Davis
96%
1995 - DALEmmitt Smith
96%
1992 - DALEmmitt Smith
96%
1997 - DENTerrell Davis
96%
1993 - DALEmmitt Smith
96%
2000 - MINRobert Smith
96%
1996 - DENTerrell Davis
96%
1994 - DALEmmitt Smith
96%
1991 - DALEmmitt Smith
96%
2000 - DENRod Smith
96%
2001 - WASStephen Davis
96%
1999 - JAXJimmy Smith
96%
2000 - WASStephen Davis
96%
2003 - CARStephen Davis
96%
2005 - CARSteve Smith
96%
2005 - NYGTiki Barber
95.6%
2006 - NYGTiki Barber
95.6%
1992 - BUFThurman Thomas
95.6%
2004 - NYGTiki Barber
95.6%
1991 - BUFThurman Thomas
95.6%
2002 - NYGTiki Barber
95.6%
1989 - BUFThurman Thomas
95.6%
1990 - BUFThurman Thomas
95.6%
2000 - NYGTiki Barber
95.6%
2019 - NORMichael Thomas
95.6%
1993 - BUFThurman Thomas
95.6%
2003 - NYGTiki Barber
95.6%
2014 - DENDemaryius Thomas
95.6%
2020 - TENDerrick Henry
95.6%
2019 - CARChristian McCaffrey
94.8%
2002 - MIARicky Williams
94.8%
2014 - PITLe'Veon Bell
94.8%
2018 - CARChristian McCaffrey
94.8%
2017 - PITLe'Veon Bell
94.8%
2016 - PITLe'Veon Bell
94.8%
2004 - HOUDomanick Williams
94.8%
2001 - NORRicky Williams
94.8%
2003 - MIARicky Williams
94.8%
2008 - CARDeAngelo Williams
94.8%
2018 - DALEzekiel Elliott
94.4%
2016 - DALEzekiel Elliott
94.4%
2019 - DALEzekiel Elliott
94.4%
1984 - RAMEric Dickerson
94%
1983 - RAMEric Dickerson
94%
1977 - CHIWalter Payton
94%
2011 - BALRay Rice
94%
1984 - CHIWalter Payton
94%
2009 - BALRay Rice
94%
1988 - INDEric Dickerson
94%
1985 - CHIWalter Payton
94%
Year - Team Player % Correct
1983 - CHIWalter Payton
94%
1986 - RAMEric Dickerson
94%
2005 - SEAShaun Alexander
94%
2004 - NYJCurtis Martin
94%
2012 - TAMDoug Martin
94%
1979 - CHIWalter Payton
94%
1995 - SFOJerry Rice
94%
1978 - CHIWalter Payton
94%
2004 - SEAShaun Alexander
94%
2001 - NYJCurtis Martin
94%
1980 - CHIWalter Payton
94%
2010 - BALRay Rice
94%
1995 - NWECurtis Martin
94%
2003 - SEAShaun Alexander
94%
1999 - NYJCurtis Martin
94%
1986 - CHIWalter Payton
94%
2000 - NYJCurtis Martin
94%
2015 - TAMDoug Martin
94%
2001 - SEAShaun Alexander
94%
1998 - NYJCurtis Martin
94%
1986 - SFOJerry Rice
94%
2002 - SEAShaun Alexander
94%
2012 - BALRay Rice
94%
1981 - CHIWalter Payton
94%
1994 - SFOJerry Rice
94%
2013 - PHILeSean McCoy
93.6%
2010 - PHILeSean McCoy
93.6%
2011 - PHILeSean McCoy
93.6%
2016 - BUFLeSean McCoy
93.6%
2020 - NORAlvin Kamara
93.3%
2010 - HOUArian Foster
93.2%
1992 - PITBarry Foster
93.2%
2011 - HOUArian Foster
93.2%
2012 - HOUArian Foster
93.2%
2003 - BALJamal Lewis
92.8%
2002 - BALJamal Lewis
92.8%
2000 - BALJamal Lewis
92.8%
2014 - DALDeMarco Murray
92.4%
2016 - TENDeMarco Murray
92.4%
2017 - LARTodd Gurley
92%
2018 - LARTodd Gurley
92%
2000 - INDEdgerrin James
91.6%
1999 - INDEdgerrin James
91.6%
2004 - INDEdgerrin James
91.6%
2005 - INDEdgerrin James
91.6%
2003 - GNBAhman Green
90.8%
1975 - BUFO.J. Simpson
90.8%
1973 - BUFO.J. Simpson
90.8%
2001 - GNBAhman Green
90.8%
1976 - BUFO.J. Simpson
90.8%
2000 - GNBAhman Green
90.8%
2002 - GNBAhman Green
90.8%
2013 - KANJamaal Charles
90.4%
2010 - KANJamaal Charles
90.4%
2012 - KANJamaal Charles
90.4%
2006 - SFOFrank Gore
90%
2002 - KANPriest Holmes
89.6%
2001 - KANPriest Holmes
89.6%
2003 - KANPriest Holmes
89.6%
2011 - JAXMaurice Jones-Drew
89.6%
2009 - JAXMaurice Jones-Drew
89.6%
2010 - JAXMaurice Jones-Drew
89.6%
1985 - RAIMarcus Allen
89.2%
1984 - RAIMarcus Allen
89.2%
1992 - MINTerry Allen
89.2%
1983 - RAIMarcus Allen
89.2%
2013 - CHIMatt Forte
88.8%
2014 - CHIMatt Forte
88.8%
2012 - SEAMarshawn Lynch
88.8%
2008 - CHIMatt Forte
88.8%
2014 - SEAMarshawn Lynch
88.8%
2010 - CHIMatt Forte
88.8%
1998 - ATLJamal Anderson
87.1%
1979 - STLOttis Anderson
87.1%
1984 - STLOttis Anderson
87.1%
1981 - STLOttis Anderson
87.1%
1983 - STLOttis Anderson
87.1%
1989 - CHINeal Anderson
87.1%
1980 - STLOttis Anderson
87.1%
2000 - DENMike Anderson
87.1%
2020 - MINDalvin Cook
86.7%
2002 - BUFTravis Henry
85.5%
2019 - TENDerrick Henry
85.5%
2018 - NYGSaquon Barkley
84.7%
2018 - KANTyreek Hill
84.7%
1997 - PITJerome Bettis
83.5%
1993 - RAMJerome Bettis
83.5%
2007 - PHIBrian Westbrook
83.1%
2006 - PHIBrian Westbrook
83.1%
2002 - INDMarvin Harrison
83.1%
1999 - INDMarvin Harrison
83.1%
2000 - TENEddie George
82.7%
1999 - TENEddie George
82.7%
1998 - TENEddie George
82.7%
2003 - JAXFred Taylor
82.3%
2002 - JAXFred Taylor
82.3%
1998 - JAXFred Taylor
82.3%
2000 - JAXFred Taylor
82.3%
2003 - DENClinton Portis
81.1%
2002 - DENClinton Portis
81.1%
Year - Team Player % Correct
2005 - WASClinton Portis
81.1%
2008 - WASClinton Portis
81.1%
2007 - WASClinton Portis
81.1%
2003 - NORDeuce McAllister
80.7%
2002 - NORDeuce McAllister
80.7%
1986 - NYGJoe Morris
79.9%
2004 - NWECorey Dillon
79.9%
2012 - WASAlfred Morris
79.9%
2003 - MINRandy Moss
79.9%
2002 - CINCorey Dillon
79.9%
2000 - CINCorey Dillon
79.9%
1981 - DALTony Dorsett
79.5%
1985 - DALTony Dorsett
79.5%
1978 - DALTony Dorsett
79.5%
1984 - DALTony Dorsett
79.5%
1983 - DALTony Dorsett
79.5%
2018 - NORAlvin Kamara
79.1%
2003 - STLTorry Holt
78.7%
2000 - STLTorry Holt
78.7%
1980 - HOUEarl Campbell
78.3%
1979 - HOUEarl Campbell
78.3%
2015 - ATLDevonta Freeman
77.9%
2019 - JAXLeonard Fournette
76.7%
2019 - MINDalvin Cook
76.7%
1995 - STLIsaac Bruce
76.3%
2017 - KANKareem Hunt
75.9%
2019 - CLENick Chubb
75.5%
2008 - ATLMichael Turner
74.3%
1985 - SFORoger Craig
71.5%
1988 - SFORoger Craig
71.5%
1995 - DALMichael Irvin
71.5%
2011 - NWEWes Welker
70.7%
1988 - DALHerschel Walker
69.9%
2006 - PITWillie Parker
69.9%
1987 - DALHerschel Walker
69.9%
1998 - SFOGarrison Hearst
69.5%
1996 - PHIRicky Watters
69.1%
2000 - SEARicky Watters
69.1%
2013 - CLEJosh Gordon
69.1%
1995 - PHIRicky Watters
69.1%
1998 - SEARicky Watters
69.1%
1999 - SEARicky Watters
69.1%
1994 - SFORicky Watters
69.1%
2005 - ATLWarrick Dunn
67.9%
1992 - HOULorenzo White
67.5%
2016 - CHIJordan Howard
67.1%
1966 - CHIGale Sayers
65.9%
1995 - DETHerman Moore
65.1%
2010 - OAKDarren McFadden
64.7%
2010 - CLEPeyton Hillis
60.6%
2012 - BUFC.J. Spiller
57%
1985 - ATLGerald Riggs
56.6%
1984 - ATLGerald Riggs
56.6%
1986 - SEACurt Warner
54.6%
1983 - SEACurt Warner
54.6%
1980 - DETBilly Sims
53.8%
1981 - DETBilly Sims
53.8%
1979 - PHIWilbert Montgomery
50.6%
1981 - PHIWilbert Montgomery
50.6%
1997 - GNBDorsey Levens
49.8%
1999 - GNBDorsey Levens
49.8%
1984 - TAMJames Wilder
48.6%
1985 - TAMJames Wilder
48.6%
2002 - OAKCharlie Garner
47.8%
2000 - SFOCharlie Garner
47.8%
1999 - SFOCharlie Garner
47.8%
2008 - HOUSteve Slaton
47.4%
1981 - NORGeorge Rogers
47%
2001 - ARIDavid Boston
46.6%
1994 - SEAChris Warren
42.2%
1995 - SEAChris Warren
42.2%
1983 - ATLWilliam Andrews
41.4%
1981 - ATLWilliam Andrews
41.4%
1980 - ATLWilliam Andrews
41.4%
1986 - CINJames Brooks
40.2%
1975 - MINChuck Foreman
39%
1976 - MINChuck Foreman
39%
1985 - NYJFreeman McNeil
38.6%
1995 - GNBEdgar Bennett
37.8%
1997 - OAKNapoleon Kaufman
37.8%
2002 - MINMichael Bennett
37.8%
1977 - BALLydell Mitchell
37.3%
1976 - BALLydell Mitchell
37.3%
1975 - BALLydell Mitchell
37.3%
1965 - SDGLance Alworth
36.9%
2005 - CLEReuben Droughns
34.9%
2005 - OAKLaMont Jordan
31.7%
1979 - CLEMike Pruitt
30.1%
2006 - WASLadell Betts
28.1%
1989 - NORDalton Hilliard
25.7%
1961 - HOUCharley Hennigan
25.3%
1981 - BUFJoe Cribbs
24.9%
1983 - BUFJoe Cribbs
24.9%
1980 - BUFJoe Cribbs
24.9%
1974 - DENOtis Armstrong
23.3%
1979 - BALJoe Washington
22.1%
1963 - OAKClem Daniels
15.7%
1962 - DTXAbner Haynes
12.4%
1983 - BALCurtis Dickey
12.4%
1988 - ATLJohn Settle
8.4%

You're not logged in!

Compare scores with friends on all Sporcle quizzes.
OR
Log In

From the Vault

TV Show (A-Z) by Cast Photo II

by lolshortee

This quiz is just like getting all your favorite gangs together again, even if only for a few moments.
Remove Ads.
Support Sporcle.
Get the best of Sporcle when you Go Orange. This ad-free experience offers more features, more stats, and more fun while also helping to support Sporcle. Thank you for becoming a member.

Show Comments

Extras

Top Quizzes Today


Score Distribution

Your Account Isn't Verified!

In order to create a playlist on Sporcle, you need to verify the email address you used during registration. Go to your Sporcle Settings to finish the process.

Report this User

Report this user for behavior that violates our Community Guidelines.

Details: